El fin de la modernidad : (Registro nro. 1695)

Detalles MARC
000 -CABECERA
campo de control de longitud fija 01433nam a2200289Ia 4500
003 - IDENTIFICADOR DEL NÚMERO DE CONTROL
campo de control AR-RoIUNI
005 - FECHA Y HORA DE LA ÚLTIMA TRANSACCIÓN
campo de control 20210316092335.0
007 - CAMPO FIJO DE DESCRIPCIÓN FÍSICA--INFORMACIÓN GENERAL
campo de control de longitud fija ta
008 - DATOS DE LONGITUD FIJA--INFORMACIÓN GENERAL
campo de control de longitud fija 150616s2000 mx r 000 0 spa d
020 ## - NÚMERO INTERNACIONAL ESTÁNDAR DEL LIBRO
Número Internacional Estándar del Libro 9688520195
040 ## - FUENTE DE LA CATALOGACIÓN
Centro/agencia transcriptor AR-RoIUNI
080 ## - NÚMERO DE LA CLASIFICACIÓN DECIMAL UNIVERSAL
Número de la Clasificación Decimal Universal 172
100 1# - ENTRADA PRINCIPAL--NOMBRE DE PERSONA
Nombre de persona Vattimo, Gianni,‏ ‎
Fechas asociadas al nombre 1936-‏
245 13 - MENCIÓN DE TÍTULO
Título El fin de la modernidad :
Resto del título nihilismo y hermenéutica en la cultura posmoderna /
Mención de responsabilidad, etc. Gianni Vattimo.
260 ## - PUBLICACIÓN, DISTRIBUCIÓN, ETC. (PIE DE IMPRENTA)
Lugar de publicación, distribución, etc. Barcelona :
Nombre del editor, distribuidor, etc. Gedisa,
Fecha de publicación, distribución, etc. 2000.
300 ## - DESCRIPCIÓN FÍSICA
Extensión 160 p. ;
Dimensiones 23 cm.
490 1# - MENCIÓN DE SERIE
Mención de serie Serie CLA-DE-MA. Filosofía
505 0# - NOTA DE CONTENIDO CON FORMATO
Nota de contenido con formato Sección primera. El nihilismo como destino -- I. Apología del nihilismo -- II. La crisis del humanismo -- Sección segunda. La verdad del arte -- III. Muerte o crepúsculo del arte -- IV. El quebrantamiento de la palabra poética -- V. Ornamento y monumento -- VI. La estructura de las revoluciones artísticas -- Sección tercera. El fin de la modernidad -- VII. Hermenéutica y nihilismo -- VIII. Verdad y retórica en la ontología hermenéutica -- IX. Hermenéutica y antropología -- X. El nihilismo y lo posmoderno en filosofía.
600 ## - PUNTO DE ACCESO ADICIONAL DE MATERIA--NOMBRE DE PERSONA
Nombre de persona Nietzsche, Friedrich
Subdivisión general CRÍTICA E INTERPRETACIÓN
Fechas asociadas al nombre 1844-1900.
600 ## - PUNTO DE ACCESO ADICIONAL DE MATERIA--NOMBRE DE PERSONA
Nombre de persona Heidegger, Martin,
Subdivisión general CRÍTICA E INTERPRETACIÓN
Fechas asociadas al nombre 1889-1976
650 #4 - PUNTO DE ACCESO ADICIONAL DE MATERIA--TÉRMINO DE MATERIA
Término de materia o nombre geográfico como elemento inicial PSICOLOGÍA
9 (RLIN) 108
650 #4 - PUNTO DE ACCESO ADICIONAL DE MATERIA--TÉRMINO DE MATERIA
Término de materia o nombre geográfico como elemento inicial POSTMODERNIDAD
650 #4 - PUNTO DE ACCESO ADICIONAL DE MATERIA--TÉRMINO DE MATERIA
Término de materia o nombre geográfico como elemento inicial NIHILISMO
650 #4 - PUNTO DE ACCESO ADICIONAL DE MATERIA--TÉRMINO DE MATERIA
Término de materia o nombre geográfico como elemento inicial HERMENÉUTICA
830 #0 - PUNTO DE ACCESO ADICIONAL DE SERIE-TÍTULO UNIFORME
Título uniforme Serie CLA-DE-MA (Gedisa).
Nombre de parte o sección de la obra Filosofía.
942 ## - ELEMENTOS DE PUNTO DE ACCESO ADICIONAL (KOHA)
Tipo de ítem Koha Libros
Fuente del sistema de clasificación o colocación Clasificación Decimal Universal
Existencias
Estado de retiro Estado de pérdida Fuente del sistema de clasificación o colocación Estado dañado Excepción de préstamo Código de colección Localización permanente Ubicación/localización actual Ubicación en estantería Fecha de adquisición Fuente de adquisición Número de inventario Total de préstamos Signatura topográfica completa Código de barras Fecha visto por última vez Fecha del último préstamo Número de copia Precio válido a partir de Tipo de ítem Koha
    Clasificación Decimal Universal     Psicología BIBLIOTECA RIOBAMBA BIBLIOTECA RIOBAMBA BIBLIOTECA RIOBAMBA 16/06/2015 Compra 1696 1 172 VAT 1696 21/04/2017 21/04/2017 1 16/06/2015 Libros